| 000 | 00564 a2200169 4500 | ||
|---|---|---|---|
| 003 | Nust | ||
| 005 | 20221222124019.0 | ||
| 040 | _cNust | ||
| 082 | _a297.122, SAL | ||
| 100 |
_a by, Pir Salahud Din _9105664 |
||
| 245 |
_aThe wonderful Quran / _b a new english translation by, Pir Salahud Din. _c Pir Salahud Din. |
||
| 260 |
_aIslamabad : _b The Quran Publications, _c1991. |
||
| 300 |
_a2 v. (908 p.) _b ; 25 cm. |
||
| 505 | _aIntroduction (Page-1), From Surah Al-Fatiha To Surah Al-Nas (Page-2-627). | ||
| 650 |
_aThe wonderful Quran _9105665 |
||
| 942 |
_2ddc _cBK |
||
| 999 |
_c185054 _d185054 |
||